<?xml version="1.0" encoding="UTF-8"?>
<record
    xmlns:xsi="http://www.w3.org/2001/XMLSchema-instance"
    xsi:schemaLocation="http://www.loc.gov/MARC21/slim http://www.loc.gov/standards/marcxml/schema/MARC21slim.xsd"
    xmlns="http://www.loc.gov/MARC21/slim">

  <leader>00384nam a22001697a 4500</leader>
  <controlfield tag="003">OSt</controlfield>
  <controlfield tag="008">230420b        |||||||| |||| 00| 0 eng d</controlfield>
  <datafield tag="020" ind1=" " ind2=" ">
    <subfield code="a">9788191019292</subfield>
  </datafield>
  <datafield tag="082" ind1=" " ind2=" ">
    <subfield code="a">579 MUM</subfield>
  </datafield>
  <datafield tag="100" ind1=" " ind2=" ">
    <subfield code="a">MUDILI, Jayababu</subfield>
  </datafield>
  <datafield tag="245" ind1=" " ind2=" ">
    <subfield code="a">Micrbiology Quiz</subfield>
  </datafield>
  <datafield tag="250" ind1=" " ind2=" ">
    <subfield code="a">Ist</subfield>
  </datafield>
  <datafield tag="260" ind1=" " ind2=" ">
    <subfield code="b">Pharma Med Press</subfield>
    <subfield code="a">Hyderabad</subfield>
  </datafield>
  <datafield tag="300" ind1=" " ind2=" ">
    <subfield code="a">ix,277</subfield>
  </datafield>
  <datafield tag="650" ind1=" " ind2=" ">
    <subfield code="a">Microbiology</subfield>
  </datafield>
  <datafield tag="942" ind1=" " ind2=" ">
    <subfield code="2">ddc</subfield>
    <subfield code="c">BK</subfield>
  </datafield>
  <datafield tag="999" ind1=" " ind2=" ">
    <subfield code="c">11979</subfield>
    <subfield code="d">11979</subfield>
  </datafield>
  <datafield tag="952" ind1=" " ind2=" ">
    <subfield code="0">0</subfield>
    <subfield code="1">0</subfield>
    <subfield code="2">ddc</subfield>
    <subfield code="4">0</subfield>
    <subfield code="7">0</subfield>
    <subfield code="8">BP</subfield>
    <subfield code="a">PIET</subfield>
    <subfield code="b">PIET</subfield>
    <subfield code="d">2023-04-12</subfield>
    <subfield code="e">INTERNATIONAL BOOK CENTRE</subfield>
    <subfield code="f">RUPEES</subfield>
    <subfield code="g">495.00</subfield>
    <subfield code="k">IB/IN/1426</subfield>
    <subfield code="l">0</subfield>
    <subfield code="o">579 MUM</subfield>
    <subfield code="p">BP2033</subfield>
    <subfield code="r">2023-04-20 00:00:00</subfield>
    <subfield code="v">361.35</subfield>
    <subfield code="w">2023-03-31</subfield>
    <subfield code="y">BK</subfield>
  </datafield>
  <datafield tag="952" ind1=" " ind2=" ">
    <subfield code="0">0</subfield>
    <subfield code="1">0</subfield>
    <subfield code="2">ddc</subfield>
    <subfield code="4">0</subfield>
    <subfield code="7">0</subfield>
    <subfield code="8">BP</subfield>
    <subfield code="a">PIET</subfield>
    <subfield code="b">PIET</subfield>
    <subfield code="d">2023-04-12</subfield>
    <subfield code="e">INTERNATIONAL BOOK CENTRE</subfield>
    <subfield code="f">RUPEES</subfield>
    <subfield code="g">495.00</subfield>
    <subfield code="k">IB/IN/1426</subfield>
    <subfield code="l">0</subfield>
    <subfield code="o">579 MUM</subfield>
    <subfield code="p">BP2034</subfield>
    <subfield code="r">2023-04-20 00:00:00</subfield>
    <subfield code="v">361.35</subfield>
    <subfield code="w">2023-03-31</subfield>
    <subfield code="y">REF</subfield>
  </datafield>
  <datafield tag="952" ind1=" " ind2=" ">
    <subfield code="0">0</subfield>
    <subfield code="1">0</subfield>
    <subfield code="2">ddc</subfield>
    <subfield code="4">0</subfield>
    <subfield code="7">0</subfield>
    <subfield code="8">BP</subfield>
    <subfield code="a">PIET</subfield>
    <subfield code="b">PIET</subfield>
    <subfield code="d">2023-04-12</subfield>
    <subfield code="e">INTERNATIONAL BOOK CENTRE</subfield>
    <subfield code="f">RUPEES</subfield>
    <subfield code="g">495.00</subfield>
    <subfield code="k">IB/IN/1426</subfield>
    <subfield code="l">0</subfield>
    <subfield code="o">579 MUM</subfield>
    <subfield code="p">BP2035</subfield>
    <subfield code="r">2023-04-20 00:00:00</subfield>
    <subfield code="v">361.35</subfield>
    <subfield code="w">2023-03-31</subfield>
    <subfield code="y">BK</subfield>
  </datafield>
  <datafield tag="952" ind1=" " ind2=" ">
    <subfield code="0">0</subfield>
    <subfield code="1">0</subfield>
    <subfield code="2">ddc</subfield>
    <subfield code="4">0</subfield>
    <subfield code="7">0</subfield>
    <subfield code="8">BP</subfield>
    <subfield code="a">PIET</subfield>
    <subfield code="b">PIET</subfield>
    <subfield code="d">2023-04-12</subfield>
    <subfield code="e">INTERNATIONAL BOOK CENTRE</subfield>
    <subfield code="f">RUPEES</subfield>
    <subfield code="g">495.00</subfield>
    <subfield code="k">IB/IN/1426</subfield>
    <subfield code="l">0</subfield>
    <subfield code="o">579 MUM</subfield>
    <subfield code="p">BP2036</subfield>
    <subfield code="r">2023-04-20 00:00:00</subfield>
    <subfield code="v">361.35</subfield>
    <subfield code="w">2023-03-31</subfield>
    <subfield code="y">BK</subfield>
  </datafield>
  <datafield tag="952" ind1=" " ind2=" ">
    <subfield code="0">0</subfield>
    <subfield code="1">0</subfield>
    <subfield code="2">ddc</subfield>
    <subfield code="4">0</subfield>
    <subfield code="7">0</subfield>
    <subfield code="8">BP</subfield>
    <subfield code="a">PIET</subfield>
    <subfield code="b">PIET</subfield>
    <subfield code="d">2023-04-12</subfield>
    <subfield code="e">INTERNATIONAL BOOK CENTRE</subfield>
    <subfield code="f">RUPEES</subfield>
    <subfield code="g">495.00</subfield>
    <subfield code="k">IB/IN/1426</subfield>
    <subfield code="l">0</subfield>
    <subfield code="o">579 MUM</subfield>
    <subfield code="p">BP2037</subfield>
    <subfield code="r">2023-04-20 00:00:00</subfield>
    <subfield code="v">361.35</subfield>
    <subfield code="w">2023-03-31</subfield>
    <subfield code="y">BK</subfield>
  </datafield>
  <datafield tag="952" ind1=" " ind2=" ">
    <subfield code="0">0</subfield>
    <subfield code="1">0</subfield>
    <subfield code="2">ddc</subfield>
    <subfield code="4">0</subfield>
    <subfield code="7">0</subfield>
    <subfield code="8">BP</subfield>
    <subfield code="a">PIET</subfield>
    <subfield code="b">PIET</subfield>
    <subfield code="d">2023-04-12</subfield>
    <subfield code="e">INTERNATIONAL BOOK CENTRE</subfield>
    <subfield code="f">RUPEES</subfield>
    <subfield code="g">495.00</subfield>
    <subfield code="k">IB/IN/1426</subfield>
    <subfield code="l">1</subfield>
    <subfield code="o">579 MUM</subfield>
    <subfield code="p">BP2038</subfield>
    <subfield code="r">2023-05-15 00:00:00</subfield>
    <subfield code="s">2023-05-03</subfield>
    <subfield code="v">361.35</subfield>
    <subfield code="w">2023-03-31</subfield>
    <subfield code="y">BK</subfield>
  </datafield>
  <datafield tag="952" ind1=" " ind2=" ">
    <subfield code="0">0</subfield>
    <subfield code="1">0</subfield>
    <subfield code="2">ddc</subfield>
    <subfield code="4">0</subfield>
    <subfield code="7">0</subfield>
    <subfield code="8">BP</subfield>
    <subfield code="a">PIET</subfield>
    <subfield code="b">PIET</subfield>
    <subfield code="d">2023-04-12</subfield>
    <subfield code="e">INTERNATIONAL BOOK CENTRE</subfield>
    <subfield code="f">RUPEES</subfield>
    <subfield code="g">495.00</subfield>
    <subfield code="k">IB/IN/1426</subfield>
    <subfield code="l">0</subfield>
    <subfield code="o">579 MUM</subfield>
    <subfield code="p">BP2039</subfield>
    <subfield code="r">2023-04-20 00:00:00</subfield>
    <subfield code="v">361.35</subfield>
    <subfield code="w">2023-03-31</subfield>
    <subfield code="y">BK</subfield>
  </datafield>
  <datafield tag="952" ind1=" " ind2=" ">
    <subfield code="0">0</subfield>
    <subfield code="1">0</subfield>
    <subfield code="2">ddc</subfield>
    <subfield code="4">0</subfield>
    <subfield code="7">0</subfield>
    <subfield code="8">BP</subfield>
    <subfield code="a">PIET</subfield>
    <subfield code="b">PIET</subfield>
    <subfield code="d">2023-04-12</subfield>
    <subfield code="e">INTERNATIONAL BOOK CENTRE</subfield>
    <subfield code="f">RUPEES</subfield>
    <subfield code="g">495.00</subfield>
    <subfield code="k">IB/IN/1426</subfield>
    <subfield code="l">0</subfield>
    <subfield code="o">579 MUM</subfield>
    <subfield code="p">BP2040</subfield>
    <subfield code="r">2023-04-20 00:00:00</subfield>
    <subfield code="v">361.35</subfield>
    <subfield code="w">2023-03-31</subfield>
    <subfield code="y">BK</subfield>
  </datafield>
  <datafield tag="952" ind1=" " ind2=" ">
    <subfield code="0">0</subfield>
    <subfield code="1">0</subfield>
    <subfield code="2">ddc</subfield>
    <subfield code="4">0</subfield>
    <subfield code="7">0</subfield>
    <subfield code="8">BP</subfield>
    <subfield code="a">PIET</subfield>
    <subfield code="b">PIET</subfield>
    <subfield code="d">2023-04-12</subfield>
    <subfield code="e">INTERNATIONAL BOOK CENTRE</subfield>
    <subfield code="f">RUPEES</subfield>
    <subfield code="g">495.00</subfield>
    <subfield code="k">IB/IN/1426</subfield>
    <subfield code="l">0</subfield>
    <subfield code="o">579 MUM</subfield>
    <subfield code="p">BP2041</subfield>
    <subfield code="r">2023-04-20 00:00:00</subfield>
    <subfield code="v">361.35</subfield>
    <subfield code="w">2023-03-31</subfield>
    <subfield code="y">BK</subfield>
  </datafield>
  <datafield tag="952" ind1=" " ind2=" ">
    <subfield code="0">0</subfield>
    <subfield code="1">0</subfield>
    <subfield code="2">ddc</subfield>
    <subfield code="4">0</subfield>
    <subfield code="7">0</subfield>
    <subfield code="8">BP</subfield>
    <subfield code="a">PIET</subfield>
    <subfield code="b">PIET</subfield>
    <subfield code="d">2023-04-12</subfield>
    <subfield code="e">INTERNATIONAL BOOK CENTRE</subfield>
    <subfield code="f">RUPEES</subfield>
    <subfield code="g">495.00</subfield>
    <subfield code="k">IB/IN/1426</subfield>
    <subfield code="l">0</subfield>
    <subfield code="o">579 MUM</subfield>
    <subfield code="p">BP2042</subfield>
    <subfield code="r">2023-04-20 00:00:00</subfield>
    <subfield code="v">361.35</subfield>
    <subfield code="w">2023-03-31</subfield>
    <subfield code="y">BK</subfield>
  </datafield>
</record>
